Mapping business excellence through vision, values and vibrant practices / (Record no. 86346)

MARC details
000 -LEADER
fixed length control field 00614nam a22001937a 4500
005 - DATE AND TIME OF LATEST TRANSACTION
control field 20140812161307.0
010 ## - LCCN (DPL NO)
LC control number ENG-110357
020 ## - INTERNATIONAL STANDARD BOOK NUMBER
International Standard Book Number 9789350622544
Terms of availability 695.00
035 ## - SYSTEM CONTROL NUMBER
System control number EN-93889
037 ## - SOURCE OF ACQUISITION
Source of stock number/acquisition DBAD/PUB
082 ## - DEWEY DECIMAL CLASSIFICATION NUMBER
Classification number 658.3125
245 ## - TITLE STATEMENT
Title Mapping business excellence through vision, values and vibrant practices /
Statement of responsibility, etc edited by Sachin Mittal...[et al]
260 ## - PUBLICATION, DISTRIBUTION, ETC. (IMPRINT)
Place of publication, distribution, etc New Delhi
Name of publisher, distributor, etc Excel Books
Date of publication, distribution, etc 2013
270 ## - ADDRESS
Address A-45, Naraina, Phase I
City New Delhi
Postal code 110028
300 ## - PHYSICAL DESCRIPTION
Extent xxiii,552p.
Dimensions 24cm(pbk)
500 ## - GENERAL NOTE
General note Includes index
700 ## - ADDED ENTRY--PERSONAL NAME
Personal name Mittal, Sachin
942 ## - ADDED ENTRY ELEMENTS (KOHA)
Source of classification or shelving scheme Dewey Decimal Classification
Item type English Books
Call number suffix MAP
Classification part 658.3125
Holdings
Withdrawn status Lost status Not for loan Collection code Home library Current library Date acquired Source of acquisition Cost, normal purchase price Full call number Barcode Copy number Cost, replacement price Koha item type
    Not For Loan Non-fiction D.B.Act.Division D.B.Act.Division 03/07/2014 DBAD/PUB 695.00 658.3125 MAP EN-93889 1 695.00 English Books

© Delhi Public Library
Hit Counter
free hit counter